Statistics for Slither.io Country Flag Skins

Click here to take the quiz!

General Stats

  • This quiz has been taken 190 times
  • The average score is 9 of 21

Answer Stats

Country% Correct
United States
92%
Russia
69%
Germany
65%
Canada
63%
China
62%
France/Netherlands
62%
Italy
50%
Brazil
48%
Spain
47%
Argentina
40%
Poland
40%
Ireland
37%
Sweden
34%
Finland
29%
Switzerland
28%
Indonesia
27%
Romania
23%
Colombia
21%
Moldova
17%
Thailand
13%
Lithuania
10%

Score Distribution

Percentile by Number Answered

Percent of People with Each Score

Your Score History

You have not taken this quiz